La trilogía de Nueva York

Saved in:
Bibliographic Details
Main Author: Auster, Paul (Author)
Format: Book
Language:Spanish
Published: Buenos Aires Libros del Zorro Rojo 2015
Edition:1a. ed
Subjects:
Tags: Add Tag
No Tags, Be the first to tag this record!

MARC

LEADER 00000cam a2200000 a 4500
001 UCC7719
003 CL-VaPUC
008 190505e20150000ag |||||||||||||||||spa|d
020 |a 9789871948659 
082 0 4 |a 813  |b AUS  |2 21 
100 0 |a Auster, Paul  |e author  |9 602405 
245 1 3 |a La trilogía de Nueva York 
246 1 0 |a Ciudad de cristal 
246 1 0 |a Fantasmas 
246 1 3 |a La habitación cerrada 
250 |a 1a. ed 
300 |a 270 p 
942 |c BK 
945 |d 20190505 21:05:00  |a dcastane 
260 |a Buenos Aires  |b Libros del Zorro Rojo  |c 2015 
500 |a Ilustraciones de Tom Burns y traducción de Maribel De Juan 
650 0 |a Novelas estadounidenses  |9 265217 
650 0 |a Literatura estadounidense  |9 317168 
583 |a last modification  |c 20190505 21:05:00  |k Rodrigo Vera 
999 |c 374286  |d 374284